| 000 | 00392nam a2200145Ia 4500 | ||
|---|---|---|---|
| 008 | 231221s9999 xx 000 0 und d | ||
| 020 | _a0-86612-185-4 | ||
| 041 | _aEnglish | ||
| 082 | _a647.9403 AME;1 R | ||
| 100 | _aAmerican Hotel and Lodging Educational Institute | ||
| 245 | 0 | _aGlossary of Hospitality Terms | |
| 260 |
_c1995 _bAH & LEI _aLansing MI |
||
| 300 | _a186 | ||
| 942 | _cHM | ||
| 999 |
_c208599 _d208599 |
||